{"text_format":"3","workbook":"xlsx","n_sheets":1,"sheets":["t535"],"read":"whole","date_system":"1900"}

{"sheet":"t535","index":0,"n_rows":153,"n_cols":7,"rows_kept":153,"merged":[[0,0,0,6],[28,0,28,5],[38,0,38,5],[136,0,136,5]]}
["TABELA 535.1 - Estatísticas Agrícolas, Município de Santópolis do Aguapeí, Estado de São Paulo, 2016/17."]
["ITEM","UNIDADE","N.DE UPAs","MÍNIMO","MÉDIO","MÁXIMO","TOTAL"]
["Distância à sede do município","km",165,0.1,{"v":4.07,"d":"4.1"},{"v":11,"d":"11.0"},"-"]
["Área total","hectare",165,2.2,{"v":71.97,"d":"72.0"},856.6,{"v":11874.6,"d":"11,874.6"}]
["Área com cultura perene","hectare",7,1.5,{"v":17.87,"d":"17.9"},36.1,125.1]
["Área com cultura temporária","hectare",76,{"v":1,"d":"1.0"},78.5,844.3,{"v":5965.8,"d":"5,965.8"}]
["Área com pastagem","hectare",119,2.1,{"v":38.16,"d":"38.2"},{"v":239,"d":"239.0"},{"v":4541.2,"d":"4,541.2"}]
["Área com reflorestamento","hectare",3,0.2,2.2,{"v":4,"d":"4.0"},6.6]
["Área com vegetação natural","hectare",52,0.3,{"v":9.65,"d":"9.7"},59.7,501.6]
["Área com vegetação de brejo e várzea","hectare",99,0.1,{"v":6.23,"d":"6.2"},{"v":112,"d":"112.0"},617.1]
["Área em descanso","hectare",6,{"v":1,"d":"1.0"},8.4,{"v":36,"d":"36.0"},50.4]
["Área complementar","hectare",94,0.1,{"v":0.71,"d":"0.7"},7.2,66.8]
["Área das UPAs com (0, 1] ha","hectare","-","-","-","-","-"]
["Área das UPAs com (1, 2] ha","hectare","-","-","-","-","-"]
["Área das UPAs com (2, 5] ha","hectare",16,2.2,{"v":3.83,"d":"3.8"},4.8,61.2]
["Área das UPAs com (5, 10] ha","hectare",17,{"v":6,"d":"6.0"},7.5,9.6,127.5]
["Área das UPAs com (10, 20] ha","hectare",26,10.4,{"v":14.62,"d":"14.6"},19.3,{"v":380,"d":"380.0"}]
["Área das UPAs com (20, 50] ha","hectare",47,20.1,{"v":34.76,"d":"34.8"},49.6,{"v":1633.5,"d":"1,633.5"}]
["Área das UPAs com (50, 100] ha","hectare",27,55.6,{"v":74.93,"d":"74.9"},97.3,{"v":2023.1,"d":"2,023.1"}]
["Área das UPAs com (100, 200] ha","hectare",17,106.4,{"v":148.74,"d":"148.7"},193.6,{"v":2528.5,"d":"2,528.5"}]
["Área das UPAs com (200, 500] ha","hectare",13,229.9,{"v":284.27,"d":"284.3"},{"v":450,"d":"450.0"},{"v":3695.5,"d":"3,695.5"}]
["Área das UPAs com (500, 1.000] ha","hectare",2,568.7,{"v":712.65,"d":"712.7"},856.6,{"v":1425.3,"d":"1,425.3"}]
["Área das UPAs com (1.000, 2.000] ha","hectare","-","-","-","-","-"]
["Área das UPAs com (2.000, 5.000] ha","hectare","-","-","-","-","-"]
["Área das UPAs com (5.000, 10.000] ha","hectare","-","-","-","-","-"]
["Área das UPAs acima de 10.000 ha","hectare","-","-","-","-","-"]
["Fonte: Secretaria de Agricultura e Abastecimento, CDRS/IEA, Projeto LUPA."]
[]
["TABELA 535.2 - Explorações Animais, Município de Santópolis do Aguapeí, Estado de São Paulo, 2016/17."]
["ITEM","UNIDADE","N.DE UPAs","MÍNIMO","MÉDIO","MÁXIMO","TOTAL"]
["Bovinocultura de corte","cabecas",68,{"v":2,"d":"2.0"},{"v":66.81,"d":"66.8"},{"v":370,"d":"370.0"},{"v":4543,"d":"4,543.0"}]
["Bovinocultura leiteira","cabecas",11,{"v":3,"d":"3.0"},{"v":16.73,"d":"16.7"},{"v":40,"d":"40.0"},{"v":184,"d":"184.0"}]
["Bubalinocultura","cabecas",1,{"v":59,"d":"59.0"},{"v":59,"d":"59.0"},{"v":59,"d":"59.0"},{"v":59,"d":"59.0"}]
["Caprinocultura","cabecas",1,{"v":30,"d":"30.0"},{"v":30,"d":"30.0"},{"v":30,"d":"30.0"},{"v":30,"d":"30.0"}]
["Equinocultura","cabecas",6,{"v":2,"d":"2.0"},{"v":3.67,"d":"3.7"},{"v":6,"d":"6.0"},{"v":22,"d":"22.0"}]
["Suinocultura","cabecas",1,{"v":6,"d":"6.0"},{"v":6,"d":"6.0"},{"v":6,"d":"6.0"},{"v":6,"d":"6.0"}]
["Fonte: Secretaria de Agricultura e Abastecimento, CDRS/IEA, Projeto LUPA."]
[]
["TABELA 535.3 -  Máquinas, Implementos e Benfeitorias, Município de Santópolis do Aguapeí, Estado de São Paulo, 2016/17."]
["ITEM","UNIDADE","N.DE UPAs","MÍNIMO","MÉDIO","MÁXIMO","TOTAL"]
["Arado comum (bacia, aiveca)","unidade",13,{"v":1,"d":"1.0"},{"v":1.46,"d":"1.5"},{"v":4,"d":"4.0"},{"v":19,"d":"19.0"}]
["Arado escarificador","unidade",1,{"v":1,"d":"1.0"},{"v":1,"d":"1.0"},{"v":1,"d":"1.0"},{"v":1,"d":"1.0"}]
["Arado subsolador","unidade",3,{"v":1,"d":"1.0"},{"v":1,"d":"1.0"},{"v":1,"d":"1.0"},{"v":3,"d":"3.0"}]
["Batedeira de cereais","unidade",1,{"v":1,"d":"1.0"},{"v":1,"d":"1.0"},{"v":1,"d":"1.0"},{"v":1,"d":"1.0"}]
["Carregadeira de cana","unidade",1,{"v":2,"d":"2.0"},{"v":2,"d":"2.0"},{"v":2,"d":"2.0"},{"v":2,"d":"2.0"}]
["Carreta de trator","unidade",16,{"v":1,"d":"1.0"},{"v":1.25,"d":"1.3"},{"v":3,"d":"3.0"},{"v":20,"d":"20.0"}]
["Colhedeira acoplada","unidade",1,{"v":5,"d":"5.0"},{"v":5,"d":"5.0"},{"v":5,"d":"5.0"},{"v":5,"d":"5.0"}]
["Computador","unidade",2,{"v":1,"d":"1.0"},{"v":1,"d":"1.0"},{"v":1,"d":"1.0"},{"v":2,"d":"2.0"}]
["Conj.irrigacao autopropelido","unidade",2,{"v":1,"d":"1.0"},{"v":1,"d":"1.0"},{"v":1,"d":"1.0"},{"v":2,"d":"2.0"}]
["Conj.irrigacao/gotejamento/microaspersao","unidade",3,{"v":1,"d":"1.0"},{"v":1,"d":"1.0"},{"v":1,"d":"1.0"},{"v":3,"d":"3.0"}]
["Desintegrador, picador, triturador","unidade",7,{"v":1,"d":"1.0"},{"v":1,"d":"1.0"},{"v":1,"d":"1.0"},{"v":7,"d":"7.0"}]
["Distribuidor de calcario","unidade",5,{"v":1,"d":"1.0"},1.2,{"v":2,"d":"2.0"},{"v":6,"d":"6.0"}]
["Ensiladeira","unidade",4,{"v":1,"d":"1.0"},{"v":1,"d":"1.0"},{"v":1,"d":"1.0"},{"v":4,"d":"4.0"}]
["Grade aradora (tipo romi)","unidade",11,{"v":1,"d":"1.0"},{"v":1.27,"d":"1.3"},{"v":3,"d":"3.0"},{"v":14,"d":"14.0"}]
["Grade niveladora","unidade",12,{"v":1,"d":"1.0"},{"v":1.17,"d":"1.2"},{"v":2,"d":"2.0"},{"v":14,"d":"14.0"}]
["Implementos para tracao animal","unidade",1,{"v":1,"d":"1.0"},{"v":1,"d":"1.0"},{"v":1,"d":"1.0"},{"v":1,"d":"1.0"}]
["Misturador de racao","unidade",1,{"v":1,"d":"1.0"},{"v":1,"d":"1.0"},{"v":1,"d":"1.0"},{"v":1,"d":"1.0"}]
["Ordenhadeira mecanica","unidade",2,{"v":1,"d":"1.0"},{"v":1,"d":"1.0"},{"v":1,"d":"1.0"},{"v":2,"d":"2.0"}]
["Pulverizador tratorizado","unidade",5,{"v":1,"d":"1.0"},1.8,{"v":4,"d":"4.0"},{"v":9,"d":"9.0"}]
["Resfriador de leite, tanque expansao","unidade",1,{"v":1,"d":"1.0"},{"v":1,"d":"1.0"},{"v":1,"d":"1.0"},{"v":1,"d":"1.0"}]
["Retroescavadeira","unidade",1,{"v":1,"d":"1.0"},{"v":1,"d":"1.0"},{"v":1,"d":"1.0"},{"v":1,"d":"1.0"}]
["Roçadeira costal","unidade",1,{"v":1,"d":"1.0"},{"v":1,"d":"1.0"},{"v":1,"d":"1.0"},{"v":1,"d":"1.0"}]
["Roçadeira tratorizada","unidade",2,{"v":1,"d":"1.0"},{"v":1,"d":"1.0"},{"v":1,"d":"1.0"},{"v":2,"d":"2.0"}]
["Roçadora","unidade",5,{"v":1,"d":"1.0"},{"v":1,"d":"1.0"},{"v":1,"d":"1.0"},{"v":5,"d":"5.0"}]
["Semeadeira/adubadeira para plantio convencional","unidade",1,{"v":2,"d":"2.0"},{"v":2,"d":"2.0"},{"v":2,"d":"2.0"},{"v":2,"d":"2.0"}]
["Semeadeira/plantadeira plantio direto","unidade",4,{"v":1,"d":"1.0"},{"v":1,"d":"1.0"},{"v":1,"d":"1.0"},{"v":4,"d":"4.0"}]
["Terraceador","unidade",1,{"v":1,"d":"1.0"},{"v":1,"d":"1.0"},{"v":1,"d":"1.0"},{"v":1,"d":"1.0"}]
["Trator de esteiras","unidade",1,{"v":2,"d":"2.0"},{"v":2,"d":"2.0"},{"v":2,"d":"2.0"},{"v":2,"d":"2.0"}]
["Trator de pneus  acima de 85 cv","unidade",5,{"v":1,"d":"1.0"},2.6,{"v":7,"d":"7.0"},{"v":13,"d":"13.0"}]
["Trator de pneus até 65 cv","unidade",21,{"v":1,"d":"1.0"},{"v":1.05,"d":"1.1"},{"v":2,"d":"2.0"},{"v":22,"d":"22.0"}]
["Trator de pneus de 66 cv a 85 cv","unidade",6,{"v":1,"d":"1.0"},1.5,{"v":4,"d":"4.0"},{"v":9,"d":"9.0"}]
["Acude/represa","unidade",33,{"v":1,"d":"1.0"},{"v":1.36,"d":"1.4"},{"v":3,"d":"3.0"},{"v":45,"d":"45.0"}]
["Armazem para graos ensacados","sacas",1]
["Balanca para bovinos","unidade",2,{"v":1,"d":"1.0"},{"v":1,"d":"1.0"},{"v":1,"d":"1.0"},{"v":2,"d":"2.0"}]
["Barracao para bicho da seda/sirgaria","unidade",1,{"v":1,"d":"1.0"},{"v":1,"d":"1.0"},{"v":1,"d":"1.0"},{"v":1,"d":"1.0"}]
["Barracao/galpao/garagem","unidade",29,{"v":1,"d":"1.0"},{"v":1.38,"d":"1.4"},{"v":4,"d":"4.0"},{"v":40,"d":"40.0"}]
["Casa de moradia habitada","unidade",33,{"v":1,"d":"1.0"},{"v":1.21,"d":"1.2"},{"v":3,"d":"3.0"},{"v":40,"d":"40.0"}]
["Casa de moradia total","unidade",71,{"v":1,"d":"1.0"},{"v":1.24,"d":"1.2"},{"v":5,"d":"5.0"},{"v":88,"d":"88.0"}]
["Curral/mangueira","unidade",75,{"v":1,"d":"1.0"},{"v":1.01,"d":"1.0"},{"v":2,"d":"2.0"},{"v":76,"d":"76.0"}]
["Deposito/tulha","unidade",38,{"v":1,"d":"1.0"},{"v":1.16,"d":"1.2"},{"v":6,"d":"6.0"},{"v":44,"d":"44.0"}]
["Pocilga","unidade",2,{"v":1,"d":"1.0"},{"v":1,"d":"1.0"},{"v":1,"d":"1.0"},{"v":2,"d":"2.0"}]
["Poco semi-artesiano","unidade",16,{"v":1,"d":"1.0"},{"v":1,"d":"1.0"},{"v":1,"d":"1.0"},{"v":16,"d":"16.0"}]
["Fonte: Secretaria de Agricultura e Abastecimento, CDRS/IEA, Projeto LUPA."]
[]
["TABELA 535.4 - Outras Estatísticas Agrícolas, Município de Santópolis do Aguapeí, Estado de São Paulo, 2016/17."]
["ITEM","Número de UPAs",null,"Percentual"]
["Faz Parte de Associação de Produtores",90,null,{"v":54.54545454545454,"d":"54.5"}]
["Faz Parte de Cooperativa de Produtores",34,null,{"v":20.606060606060606,"d":"20.6"}]
["Faz Parte do Sindicato de Produtores",23,null,{"v":13.93939393939394,"d":"13.9"}]
["Não utiliza assistência técnica ",14,null,{"v":8.484848484848484,"d":"8.5"}]
["Utiliza somente assistência técnica governamental ",137,null,{"v":83.03030303030303,"d":"83.0"}]
["Utiliza somente assistência técnica privada ",6,null,{"v":3.6363636363636362,"d":"3.6"}]
["Utiliza assistência técnica tanto governamental quanto privada",8,null,{"v":4.8484848484848495,"d":"4.8"}]
["Utiliza Crédito Rural",24,null,{"v":14.545454545454547,"d":"14.5"}]
["Utiliza Seguro Rural",6,null,{"v":3.6363636363636367,"d":"3.6"}]
["Utiliza Escrituração Agrícola",112,null,{"v":67.87878787878788,"d":"67.9"}]
["Acessa Internet p/ Fins na Agropecuária",33,null,{"v":20,"d":"20.0"}]
["Utiliza Computador nas Atividades Agropecuárias",25,null,{"v":15.15151515151515,"d":"15.2"}]
["Utiliza Energia Elétrica Para Uso na Atividade Agrícola",78,null,{"v":47.27272727272727,"d":"47.3"}]
["Utiliza Energia Alternativa",1,null,{"v":0.6060606060606062,"d":"0.6"}]
["Realiza Análise de Solo, quando necessário",114,null,{"v":69.0909090909091,"d":"69.1"}]
["Realiza Calagem",88,null,{"v":53.333333333333336,"d":"53.3"}]
["Utiliza Práticas de Conservação de Solo, quando necessário",150,null,{"v":90.9090909090909,"d":"90.9"}]
["Faz Adubação Mineral, quando necessário",110,null,{"v":66.66666666666667,"d":"66.7"}]
["Faz Adubação Orgânica, quando necessário",86,null,{"v":52.121212121212125,"d":"52.1"}]
["Faz Adubação Verde, quando necessário",25,null,{"v":15.15151515151515,"d":"15.2"}]
["Utiliza Manejo Integrado de Pragas (MIP)",1,null,{"v":0.6060606060606062,"d":"0.6"}]
["Utiliza Hidroponia","-",null,"-"]
["Utiliza Cultivo em Estufa","-",null,"-"]
["Utiliza Mudas Fiscalizadas",34,null,{"v":20.606060606060606,"d":"20.6"}]
["Utiliza Semente Melhorada",13,null,{"v":7.87878787878788,"d":"7.9"}]
["Faz Confinamento de Bovinos",1,null,{"v":0.6060606060606062,"d":"0.6"}]
["Utiliza Pastejo Intensivo",5,null,{"v":3.0303030303030303,"d":"3.0"}]
["Faz Inseminação Artificial",1,null,{"v":0.6060606060606062,"d":"0.6"}]
["Faz Mineralização do Rebanho",70,null,{"v":42.42424242424243,"d":"42.4"}]
["Faz Vermifugação do Rebanho",71,null,{"v":43.03030303030303,"d":"43.0"}]
["Possui Parceiros /Arrendatários na Exploração Animal",8,null,{"v":4.8484848484848495,"d":"4.8"}]
["Existência de trabalhadores c/ deficiência na UPA","-",null,"-"]
["Esporte e lazer",1,null,{"v":0.6060606060606062,"d":"0.6"}]
["Extração mineral","-",null,"-"]
["Hotel Fazenda, Pousada ou SPA","-",null,"-"]
["Pesque-pague","-",null,"-"]
["Restaurante ou Lanchonete","-",null,"-"]
["Transformação artesanal","-",null,"-"]
["Turismo rural ou ecoturismo","-",null,"-"]
["Outras atividades econômicas rurais","-",null,"-"]
["Agroindústria","-",null,"-"]
["Proprietário sem instrução ou com instrução incompleta",4,null,{"v":2.4242424242424248,"d":"2.4"}]
["Proprietário com antigo primário completo",47,null,{"v":28.484848484848484,"d":"28.5"}]
["Proprietário com 1° grau (ou antigo ginasial) completo",27,null,{"v":16.363636363636363,"d":"16.4"}]
["Proprietário com 2° grau (ou antigo colegial) completo",38,null,{"v":23.030303030303028,"d":"23.0"}]
["Proprietário com curso superior completo ",43,null,{"v":26.060606060606062,"d":"26.1"}]
["Pessoa Jurídica",6,null,{"v":3.6363636363636367,"d":"3.6"}]
["Proprietário residente na própria UPA ",16,null,{"v":9.696969696969697,"d":"9.7"}]
["Fonte: Secretaria de Agricultura e Abastecimento, CDRS/IEA, Projeto LUPA."]
[]
["TABELA 535.5 - Área Cultivada, Município de Santópolis do Aguapeí, Estado de São Paulo, 2016/17."]
["CULTURA","N.DE UPAs","MÍNIMO","MÉDIO","MÁXIMO","TOTAL"]
["Cana-de-acucar finalidade industria",53,7.1,{"v":101.57,"d":"101.6"},884.3,{"v":5383.4,"d":"5,383.4"}]
["Braquiaria",105,2.1,{"v":37.44,"d":"37.4"},{"v":239,"d":"239.0"},{"v":3931.5,"d":"3,931.5"}]
["Batata-doce",22,{"v":1,"d":"1.0"},{"v":26.06,"d":"26.1"},123.2,573.4]
["Outras gramineas para pastagem",14,{"v":4,"d":"4.0"},{"v":36.41,"d":"36.4"},{"v":221,"d":"221.0"},509.7]
["Banana",5,14.1,{"v":23.52,"d":"23.5"},36.1,117.6]
["Coloniao",1,{"v":100,"d":"100.0"},{"v":100,"d":"100.0"},{"v":100,"d":"100.0"},{"v":100,"d":"100.0"}]
["Abobora (ou jerimum)",6,{"v":2,"d":"2.0"},{"v":5.97,"d":"6.0"},14.9,35.8]
["Eucalipto",3,0.2,2.2,{"v":4,"d":"4.0"},6.6]
["Milho safra",2,2.6,{"v":3,"d":"3.0"},3.4,{"v":6,"d":"6.0"}]
["Seringueira",1,{"v":6,"d":"6.0"},{"v":6,"d":"6.0"},{"v":6,"d":"6.0"},{"v":6,"d":"6.0"}]
["Pimentao",1,5.2,5.2,5.2,5.2]
["Quiabo",1,{"v":2,"d":"2.0"},{"v":2,"d":"2.0"},{"v":2,"d":"2.0"},{"v":2,"d":"2.0"}]
["Tangerina",1,{"v":1,"d":"1.0"},{"v":1,"d":"1.0"},{"v":1,"d":"1.0"},{"v":1,"d":"1.0"}]
["Acerola (ou cereja-das-antilhas)",1,0.5,0.5,0.5,0.5]
["Fonte: Secretaria de Agricultura e Abastecimento, CDRS/IEA, Projeto LUPA."]